[Event "2nd Asian Nations Team Cup U14 2019"]
[Site "Shenzhen"]
[Date "2019.12.23"]
[Round "5.7"]
[White "Wang, Yuehan"]
[Black "Liu, Fung Ming Mathew"]
[Result "1-0"]
[WhiteElo "1724"]
[BlackElo "1493"]
[Annotator "NA RC"]
[PlyCount "93"]
[EventDate "2019.12.19"]
[EventType "team-tourn"]
[EventCountry "CHN"]
[SourceTitle "playchess.com"]
[Source "ChessBase"]
[SourceQuality "1"]
[WhiteTeam "China"]
[BlackTeam "Hong Kong"]
[WhiteTeamCountry "CHN"]
[BlackTeamCountry "HKG"]
[TimeControl "5400+30"]

1. e4 {[%emt 0:00:00]} c5 {[%emt 0:00:00]} 2. Nf3 {[%emt 0:00:00]} d6 {[%emt 0:00:00]} 3. d4 {[%emt 0:00:00]} cxd4 {[%emt 0:00:00]} 4. Nxd4 {[%emt 0:00:00]} Nf6 {[%emt 0:00:06]} 5. f3 {[%emt 0:00:12]} e6 {[%emt 0:00:25]} 6. c4 {[%emt 0:00:11]} Be7 {[%emt 0:00:23]} 7. Nc3 {[%emt 0:00:17]} O-O {[%emt 0:01:10]} 8. Be3 {[%emt 0:00:07]} Nc6 {[%emt 0:00:50]} 9. Qd2 {[%emt 0:00:23]} d5 {[%emt 0:03:03]} 10. Nxc6 {[%emt 0:09:15]} bxc6 {[%emt 0:00:31]} 11. e5 {[%emt 0:00:05]} Nd7 {[%emt 0:04:28]} 12. f4 {[%emt 0:00:20]} Bb4 {[%emt 0:04:16]} 13. a3 {[%emt 0:00:41]} Bc5 {[%emt 0:00:56]} 14. Be2 {[%emt 0:00:38]} Bxe3 {[%emt 0:02:47]} 15. Qxe3 {[%emt 0:00:07]} Nb6 {[%emt 0:02:10]} 16. Rd1 {[%emt 0:00:24]} Qh4+ {[%emt 0:03:50]} 17. g3 {[%emt 0:00:19]} Qe7 {[%emt 0:03:14]} 18. cxd5 {[%emt 0:00:22]} cxd5 {[%emt 0:03:56]} 19. O-O {[%emt 0:00:14]} Bb7 {[%emt 0:05:29]} 20. Nb5 {[%emt 0:00:30]} Ba6 {[%emt 0:05:09]} 21. Rc1 {[%emt 0:01:36]} Bxb5 {[%emt 0:02:15]} 22. Bxb5 {[%emt 0:00:09]} Rac8 {[%emt 0:01:03]} 23. Qd4 {[%emt 0:00:40]} Qb7 {[%emt 0:03:56]} 24. Bd3 {[%emt 0:00:16]} g6 {[%emt 0:03:44]} 25. b3 {[%emt 0:00:42]} Nd7 {[%emt 0:05:05]} 26. b4 {[%emt 0:00:40]} a6 {[%emt 0:06:49]} 27. Qe3 {[%emt 0:00:39]} Rfd8 {[%emt 0:04:15]} 28. Qe2 {[%emt 0:00:10]} Qb6+ {[%emt 0:00:48]} 29. Kg2 {[%emt 0:00:10]} Nb8 {[%emt 0:00:59]} 30. h4 {[%emt 0:02:41]} a5 {[%emt 0:05:11]} 31. b5 {[%emt 0:00:39]} Nd7 {[%emt 0:04:42]} 32. h5 {[%emt 0:00:16]} Kg7 {[%emt 0:05:34]} 33. Bb1 {[%emt 0:01:05]} Nc5 {[%emt 0:02:56]} 34. Rh1 {[%emt 0:00:07]} d4 {[%emt 0:04:47]} 35. Qg4 {[%emt 0:02:27]} Qb7+ {[%emt 0:01:27]} 36. Kg1 {[%emt 0:00:21]} Rh8 {[%emt 0:01:58]} 37. Qh4 {[%emt 0:01:28]} Nd7 {[%emt 0:00:46]} 38. Kf2 {[%emt 0:01:26]} Rxc1 {[%emt 0:00:40]} 39. h6+ {[%emt 0:00:07]} Kg8 {[%emt 0:00:41]} 40. Qd8+ {[%emt 0:00:05]} Nf8 {[%emt 0:00:12]} 41. Rxc1 {[%emt 0:00:04]} f5 {[%emt 0:01:45]} 42. Rc7 {[%emt 0:00:13]} Qxc7 {[%emt 0:00:37]} 43. Qxc7 {[%emt 0:00:06]} Nd7 {[%emt 0:00:09]} 44. Qxd7 {[%emt 0:00:05]} Kf8 {[%emt 0:00:06]} 45. b6 {[%emt 0:00:04]} d3 {[%emt 0:00:14]} 46. b7 {[%emt 0:00:03]} d2 {[%emt 0:00:13]} 47. b8=R# {[%emt 0:00:08]} 1-0

[Event "2nd Asian Nations Team Cup U14 2019"]
[Site "Shenzhen"]
[Date "2019.12.23"]
[Round "5.8"]
[White "Lee, Gerent Chak Yan"]
[Black "Zhao, Yunqing"]
[Result "0-1"]
[WhiteElo "1450"]
[BlackElo "1542"]
[Annotator "NA RC"]
[PlyCount "90"]
[EventDate "2019.12.19"]
[EventType "team-tourn"]
[EventCountry "CHN"]
[SourceTitle "playchess.com"]
[Source "ChessBase"]
[SourceQuality "1"]
[WhiteTeam "Hong Kong"]
[BlackTeam "China"]
[WhiteTeamCountry "HKG"]
[BlackTeamCountry "CHN"]
[TimeControl "5400+30"]

1. d4 {[%emt 0:00:00]} Nf6 {[%emt 0:00:00]} 2. c4 {[%emt 0:00:00]} e6 {[%emt 0:00:00]} 3. Nf3 {[%emt 0:00:00]} b6 {[%emt 0:00:00]} 4. g3 {[%emt 0:00:24]} Bb7 {[%emt 0:00:00]} 5. Bg2 {[%emt 0:00:03]} Be7 {[%emt 0:00:00]} 6. O-O {[%emt 0:00:23]} O-O {[%emt 0:00:00]} 7. b3 {[%emt 0:01:04]} d6 {[%emt 0:00:53]} 8. Nc3 {[%emt 0:01:12]} Ne4 {[%emt 0:01:02]} 9. Bb2 {[%emt 0:01:00]} Nxc3 {[%emt 0:00:41]} 10. Bxc3 {[%emt 0:00:09]} f5 {[%emt 0:00:18]} 11. Ne1 {[%emt 0:02:52]} Bxg2 {[%emt 0:00:07]} 12. Nxg2 {[%emt 0:00:06]} Bf6 {[%emt 0:00:40]} 13. Qd3 {[%emt 0:04:23]} Nd7 {[%emt 0:16:02]} 14. Nf4 {[%emt 0:04:41]} Qe8 {[%emt 0:00:24]} 15. Rae1 {[%emt 0:11:01]} Bg5 {[%emt 0:06:19]} 16. Nh3 {[%emt 0:04:12]} Qh5 {[%emt 0:01:29]} 17. Nxg5 {[%emt 0:00:22]} Qxg5 {[%emt 0:00:09]} 18. f4 {[%emt 0:00:16]} Qg4 {[%emt 0:04:09]} 19. e4 {[%emt 0:01:29]} Nf6 {[%emt 0:02:45]} 20. exf5 {[%emt 0:09:45]} exf5 {[%emt 0:00:08]} 21. Re7 {[%emt 0:01:02]} Rf7 {[%emt 0:00:11]} 22. Re6 {[%emt 0:10:20]} Ne4 {[%emt 0:01:15]} 23. Kg2 {[%emt 0:00:31]} Rf6 {[%emt 0:11:29]} 24. Rxf6 {[%emt 0:17:36]} gxf6 {[%emt 0:01:06]} 25. h3 {[%emt 0:04:17]} Qg6 {[%emt 0:00:23]} 26. Bb2 {[%emt 0:04:32]} Kf7 {[%emt 0:00:51]} 27. Rf3 {[%emt 0:02:02]} Rg8 {[%emt 0:00:20]} 28. c5 {[%emt 0:02:25]} h5 {[%emt 0:05:01]} 29. h4 {[%emt 0:01:02]} Kg7 {[%emt 0:01:25]} 30. cxd6 {[%emt 0:00:27]} cxd6 {[%emt 0:00:19]} 31. d5 {[%emt 0:00:52]} Kh6 {[%emt 0:00:28]} 32. Kh2 {[%emt 0:02:33]} Rc8 {[%emt 0:00:37]} 33. Rf1 {[%emt 0:02:24]} Qf7 {[%emt 0:00:26]} 34. Rc1 {[%emt 0:02:01]} Rg8 {[%emt 0:01:56]} 35. Bc3 {[%emt 0:01:26]} Rxg3 {[%emt 0:02:13]} 36. Qxg3 {[%emt 0:01:11]} Nxg3 {[%emt 0:00:05]} 37. Kxg3 {[%emt 0:00:03]} Qxd5 {[%emt 0:00:11]} 38. Rf1 {[%emt 0:00:45]} Kg6 {[%emt 0:01:05]} 39. Rf3 {[%emt 0:01:37]} Qe4 {[%emt 0:01:02]} 40. a3 {[%emt 0:00:49]} d5 {[%emt 0:00:10]} 41. Kg2 {[%emt 0:00:47]} d4 {[%emt 0:00:17]} 42. Bd2 {[%emt 0:00:10]} Qe2+ {[%emt 0:00:56]} 43. Rf2 {[%emt 0:00:14]} Qg4+ {[%emt 0:00:06]} 44. Kh1 {[%emt 0:00:27]} Qh3+ {[%emt 0:00:19]} 45. Kg1 {[%emt 0:00:11]} Qxb3 {[%emt 0:00:08]} 0-1

[Event "2nd Asian Nations Team Cup U14 2019"]
[Site "Shenzhen"]
[Date "2019.12.23"]
[Round "5.9"]
[White "Yeoh, Yuan Hui"]
[Black "Amilal Munkhdalai"]
[Result "1/2-1/2"]
[WhiteElo "1738"]
[BlackElo "2126"]
[Annotator "TA"]
[PlyCount "127"]
[EventDate "2019.12.19"]
[EventType "team-tourn"]
[EventCountry "CHN"]
[SourceTitle "playchess.com"]
[Source "ChessBase"]
[SourceQuality "1"]
[WhiteTeam "Malaysia"]
[BlackTeam "Mongolia"]
[WhiteTeamCountry "MAS"]
[BlackTeamCountry "MGL"]

{[%evp 19,127,31,38,35,43,-6,-8,-4,18,-14,0,-5,0,0,0,0,0,0,0,-8,8,8,8,15,6,11,11,-85,-81,-81,-59,-47,-67,-240,0,0,38,34,50,50,66,66,66,24,66,66,66,66,66,66,66,0,66,66,66,66,66,66,66,0,66,66,66,66,66,66,66,66,66,66,66,0,66,0,66,0,66,66,86,66,66,0,66,0,66,0,66,0,66,0,66,0,66,0,66,66,66,43,66,0,66,0,66,0,66,0,66,0,66,0]} 1. d4 Nf6 2. c4 e6 3. Nf3 b6 4. e3 Bb7 5. Bd3 Be7 6. O-O O-O 7. Nc3 {[%cal Bb1c3,Bc3e2,Be2f4][%mdl 32]} d5 8. b3 Nbd7 9. Bb2 Ne4 10. Rc1 f5 11. Ne2 {E14: Queen's Indian: Classical Variation (4 e3)} Bd6 12. Bxe4 $146 ({Predecessor:} 12. Ne5 Bxe5 13. dxe5 Ndc5 14. Nd4 Qe8 15. Be2 dxc4 16. Bxc4 a5 17. f3 Ng5 18. Ba3 Rd8 {1-0 (69) Hansen,E (2629)-Hammer,J (2631) chess.com INT 2018}) 12... fxe4 13. Ne5 {The position is equal.} Nf6 14. Nf4 Qe7 15. Qe2 a5 16. Rfd1 a4 17. Qc2 axb3 18. axb3 c5 19. Ra1 Rfe8 20. Rxa8 Rxa8 21. Ra1 Rxa1+ 22. Bxa1 Nd7 23. Qa2 (23. Nxd7 $11 Qxd7 24. Nh5) 23... cxd4 $17 24. exd4 Nxe5 25. dxe5 Bc5 {[#] And now ...e3 would win.} 26. cxd5 $2 (26. Qa7 $15) 26... Qf7 $2 (26... e3 $19 27. Kf1 Qf8) 27. Nxe6 $11 Bxd5 (27... e3 $5 {[%cal Rf7f2]} 28. Bd4 (28. Nxc5 Qxd5 29. fxe3 Qd1+ 30. Kf2 bxc5 $11) 28... Qxf2+ 29. Qxf2 exf2+ 30. Kxf2 (30. Bxf2 Bxd5 31. Nxc5 bxc5 $14) 30... Bxd5 31. Nxc5 (31. Bxc5 Bxe6 32. Bxb6 Bxb3 $14) 31... bxc5 32. Bxc5 Bxb3 $14) 28. Nxc5 {e6! is the strong threat.} bxc5 29. Qa5 {[#] Hoping for Qd8+.} h6 30. Qxc5 Bxb3 31. Bd4 Be6 32. h3 Kh7 33. Be3 Bc4 34. Qd4 Bd5 35. Qc5 (35. Kh2 $14) 35... Be6 (35... Bc4 $1 $11) 36. Qd6 Qg6 37. Kh2 Qe8 38. Qd4 Qc6 39. Qd6 Qe8 40. Qb6 Bf5 41. Qc7 Be6 42. Qd6 Qf7 43. Qd4 Bd5 44. Qc5 Be6 45. Qd4 (45. Kh1 $14) 45... Qf5 (45... Bd5 $1 $11) 46. Qd6 (46. Kg1 $14) 46... Bc4 ({Black should try} 46... Qf7 $1 $11) 47. Qd4 (47. Kh1 $14) 47... Bf1 (47... Be6 $11) 48. Kg1 $14 Bd3 49. Qd6 Bc4 50. Qd4 (50. Bd4 $14) 50... Be2 (50... Bd3 $1 $11) 51. Qd6 {Black must now prevent e6.} Bc4 52. Qd4 (52. Kh2 $14) 52... Be6 (52... Bd3 $11) 53. Qd6 (53. Qa1 $14) 53... Bc4 (53... Qg6 $11) 54. Qd4 (54. Bd4 $14) 54... Be6 (54... Bd3 $11) 55. Qd6 (55. Kh2 $14) 55... Bc4 (55... Qg6 $11) 56. Qc5 (56. Bd4 $14) 56... Be6 (56... Qf7 $1 $11) 57. Qd4 Qg6 {next ...Bxh3 is good for Black.} 58. Qd6 Qf7 59. Qd4 (59. Qb6 $14) 59... Qg6 (59... Bd5 $11) 60. Qd6 Qf7 61. Qd4 (61. Qb4 $14) 61... Qg6 (61... Bd5 $11) 62. Qd6 Qf7 63. Qd4 (63. Qc6 $14) 63... Qg6 ({Better is} 63... Bd5 $11) 64. Qd6 {Accuracy: White = 31%, Black = 57%.} (64. Kh1 $14) 1/2-1/2

[Event "2nd Asian Nations Team Cup U14 2019"]
[Site "Shenzhen"]
[Date "2019.12.23"]
[Round "5.10"]
[White "Tsogtbayar, Batlut"]
[Black "Foo, Jiu Yarng Clarance"]
[Result "0-1"]
[WhiteElo "1404"]
[BlackElo "1654"]
[Annotator "NA RC"]
[PlyCount "87"]
[EventDate "2019.12.19"]
[EventType "team-tourn"]
[EventCountry "CHN"]
[SourceTitle "playchess.com"]
[Source "ChessBase"]
[SourceQuality "1"]
[WhiteTeam "Mongolia"]
[BlackTeam "Malaysia"]
[WhiteTeamCountry "MGL"]
[BlackTeamCountry "MAS"]
[TimeControl "5400+30"]

1. d4 {[%emt 0:00:00]} d5 {[%emt 0:00:00]} 2. c4 {[%emt 0:00:49]} e6 {[%emt 0:00:00]} 3. Nc3 {[%emt 0:01:32]} Nf6 {[%emt 0:00:00]} 4. cxd5 {[%emt 0:01:55]} exd5 {[%emt 0:00:01]} 5. Bg5 {[%emt 0:00:18]} Be7 {[%emt 0:00:19]} 6. e3 {[%emt 0:00:56]} c6 {[%emt 0:00:20]} 7. Bd3 {[%emt 0:01:34]} O-O {[%emt 0:00:55]} 8. Nge2 {[%emt 0:00:29]} Re8 {[%emt 0:01:10]} 9. Qc2 {[%emt 0:01:47]} Nbd7 {[%emt 0:00:35]} 10. O-O {[%emt 0:01:55]} Nf8 {[%emt 0:00:46]} 11. Rab1 {[%emt 0:02:58]} Be6 {[%emt 0:06:49]} 12. b4 {[%emt 0:02:29]} a6 {[%emt 0:03:27]} 13. a4 {[%emt 0:03:56]} b5 {[%emt 0:17:48]} 14. axb5 {[%emt 0:03:02]} axb5 {[%emt 0:00:07]} 15. Rfc1 {[%emt 0:00:54]} N6d7 {[%emt 0:01:44]} 16. Bf4 {[%emt 0:12:30]} Nb6 {[%emt 0:03:53]} 17. Nxb5 {[%emt 0:05:36]} cxb5 {[%emt 0:25:33]} 18. Bc7 {[%emt 0:00:22]} Qd7 {[%emt 0:01:55]} 19. Bxb6 {[%emt 0:00:20]} Rec8 {[%emt 0:02:54]} 20. Bc5 {[%emt 0:00:41]} Bf6 {[%emt 0:03:34]} 21. Nc3 {[%emt 0:00:27]} Rab8 {[%emt 0:03:32]} 22. Qe2 {[%emt 0:00:43]} Bg4 {[%emt 0:02:22]} 23. Qf1 {[%emt 0:00:50]} Ng6 {[%emt 0:03:10]} 24. h3 {[%emt 0:02:31]} Bf5 {[%emt 0:03:01]} 25. Bxf5 {[%emt 0:04:20]} Qxf5 {[%emt 0:00:13]} 26. Nxb5 {[%emt 0:00:40]} Nh4 {[%emt 0:03:06]} 27. Nd6 {[%emt 0:00:43]} Qg6 {[%emt 0:01:07]} 28. Nxc8 {[%emt 0:00:26]} Nf3+ {[%emt 0:00:39]} 29. Kh1 {[%emt 0:00:23]} Nd2 {[%emt 0:00:43]} 30. Qd1 {[%emt 0:00:28]} Nxb1 {[%emt 0:04:52]} 31. Rxb1 {[%emt 0:00:42]} Rxc8 {[%emt 0:00:10]} 32. b5 {[%emt 0:00:26]} Bd8 {[%emt 0:00:07]} 33. b6 {[%emt 0:00:22]} Rb8 {[%emt 0:00:22]} 34. b7 {[%emt 0:00:20]} h5 {[%emt 0:01:31]} 35. Ba7 {[%emt 0:00:20]} Bc7 {[%emt 0:00:08]} 36. Bxb8 {[%emt 0:00:18]} Bxb8 {[%emt 0:00:12]} 37. f4 {[%emt 0:00:04]} Kh7 {[%emt 0:03:19]} 38. Rc1 {[%emt 0:00:19]} Kh6 {[%emt 0:06:26]} 39. Rc8 {[%emt 0:00:46]} Qd6 {[%emt 0:00:39]} 40. Qc2 {[%emt 0:00:34]} g6 {[%emt 0:00:49]} 41. Qc6 {[%emt 0:00:08]} Qb4 {[%emt 0:00:43]} 42. Qf6 {[%emt 0:00:51]} Qe1+ {[%emt 0:00:33]} 43. Kh2 {[%emt 0:00:14]} Bxf4+ {[%emt 0:01:21]} 44. exf4 {[%emt 0:00:08]} 0-1

[Event "2nd Asian Nations Team Cup U14 2019"]
[Site "Shenzhen"]
[Date "2019.12.23"]
[Round "5.13"]
[White "Batbold, Nyamsuren"]
[Black "Jin Yueheng"]
[Result "1-0"]
[WhiteElo "1963"]
[BlackElo "1924"]
[Annotator "NA RC"]
[PlyCount "189"]
[EventDate "2019.12.19"]
[EventType "team-tourn"]
[EventCountry "CHN"]
[SourceTitle "playchess.com"]
[Source "ChessBase"]
[SourceQuality "1"]
[WhiteTeam "Mongolia"]
[BlackTeam "China"]
[WhiteTeamCountry "MGL"]
[BlackTeamCountry "CHN"]
[TimeControl "5400+30"]

{[%evp 9,181,18,3,14,6,-4,-8,-5,8,12,0,0,28,24,45,36,44,34,53,-22,-15,-11,22,24,25,20,28,33,47,42,66,37,74,33,50,36,34,37,33,38,115,128,122,125,123,135,143,32767,32767,32767,32767,32767,32767,33,77,94,137,129,190,153,270,270,344,332,385,455,553,354,436,0,530,478,755,852,802,817,768,32767,32767,32767,32767,1709,1575,2055,1631,32767,32767,32767,32767,29977,5197,29976,29968,249,221,32767,32767,32767,32767,32767,32767,32767,32767,32767,32767,32767,375,435,462,0,0,0,0,0,0,0,337,371,345,0,374,444,785,475,399,433,779,1043,825,1103,1510,1521,1252,1516,4889,5344,12841,12844,12845,29971,4133,12846,29980,0,2659,0,12794,29975,12851,0,29973,12851,5061,29976,9615,29977,29981,27999,29984,27999,29985,29983,12851,0,29985,27999,29987,29983,29983,29984,12851,29983,29989,29977]} 1. d4 {[%emt 0:00:00]} Nf6 {[%emt 0:00:00]} 2. c4 {[%emt 0:00:00]} e6 {[%emt 0:00:00]} 3. Nf3 {[%emt 0:00:00]} b6 {[%emt 0:00:00]} 4. g3 {[%emt 0:00:02]} Bb7 {[%emt 0:00:00]} 5. Bg2 {[%emt 0:00:10]} Be7 {[%emt 0:00:29]} 6. O-O {[%emt 0:00:28]} O-O {[%emt 0:00:08]} 7. d5 {[%emt 0:00:36]} exd5 {[%emt 0:01:36]} 8. Nh4 {[%emt 0:00:09]} c6 {[%emt 0:01:10]} 9. cxd5 {[%emt 0:00:36]} Nxd5 {[%emt 0:00:25]} 10. Nf5 $1 {[%emt 0:00:05]} Nf6 {[%emt 0:04:31]} 11. e4 {[%emt 0:13:47] E17: Queen's Indian: 4 g3 Bb7 5 Bg2 Be7} Ne8 {[%emt 0:08:53]} 12. Bf4 {[%emt 0:14:55]} d6 {[%emt 0:04:40]} 13. Na3 $146 {[%emt 0:13:05]} ({Predecessor:} 13. Nc3 Na6 14. Qd2 Nc5 15. Rfd1 Ne6 16. Nxe7+ Qxe7 17. Bxd6 Nxd6 18. Qxd6 Qxd6 19. Rxd6 {1-0 (42) Shulman,Y (2571)-Seirawan,Y (2643) Saint Louis 2012}) 13... Nd7 {[%emt 0:00:54]} 14. Nxd6 {[%emt 0:15:17]} ({Better is} 14. Nc4 $14) 14... Nxd6 {[%emt 0:00:15]} 15. Bxd6 {[%emt 0:00:10]} Bxd6 {[%emt 0:02:11]} 16. Qxd6 {[%emt 0:00:06]} Nc5 {[%emt 0:00:48]} 17. Rfd1 {[%emt 0:02:38]} Qxd6 {[%emt 0:00:26]} 18. Rxd6 {[%emt 0:00:05]} Rfd8 {[%emt 0:00:13]} 19. Rad1 {[%emt 0:00:16]} Ne6 {[%emt 0:00:19]} 20. e5 {[%emt 0:06:44]} Rxd6 {[%emt 0:00:38]} 21. Rxd6 {[%emt 0:00:59]} Rd8 {[%emt 0:00:48]} 22. Nc4 {[%emt 0:03:45]} Ba6 {[%emt 0:06:38]} 23. Rxd8+ {[%emt 0:01:49]} Nxd8 {[%emt 0:00:07]} 24. Nd6 {[%emt 0:00:02]} c5 {[%emt 0:01:51]} (24... Kf8 $14) 25. f4 {[%emt 0:01:46]} Kf8 {[%emt 0:00:30]} 26. Bd5 {[%emt 0:00:33]} Ke7 {[%emt 0:02:02]} 27. Kf2 {[%emt 0:02:37]} Ne6 {[%emt 0:05:58]} 28. Nf5+ {[%emt 0:00:37]} Kf8 {[%emt 0:00:08]} 29. Bxe6 {[%emt 0:00:03]} fxe6 {[%emt 0:00:03]} 30. Nd6 {[%emt 0:00:04]} Ke7 {[%emt 0:00:04]} 31. a4 {[%emt 0:02:42]} (31. Ke3 $16) 31... Kd7 {[%emt 0:00:14]} 32. Nb5 {[%emt 0:02:55]} Kc6 {[%emt 0:02:26]} 33. Nxa7+ {[%emt 0:01:01]} Kd5 {[%emt 0:00:20] [#]} (33... Kd7 $16 34. Ke3 Bc4) 34. Ke3 $1 {[%emt 0:02:34]} g6 {[%emt 0:00:49]} (34... Bc4 $142 35. Nc8 Kc6) 35. g4 {[%emt 0:02:01]} c4 {[%emt 0:01:02]} 36. Nb5 {[%emt 0:01:33]} Kc5 {[%emt 0:02:32]} 37. Nd6 {[%emt 0:04:37]} Kd5 {[%emt 0:04:34]} 38. Ne8 {[%emt 0:00:34]} Kc5 {[%emt 0:00:06]} 39. Nd6 $2 {[%emt 0:05:56]} (39. h4 $18) 39... Kd5 $1 {[%emt 0:00:12]} 40. h4 {[%emt 0:02:44]} h5 {[%emt 0:02:43]} 41. gxh5 {[%emt 0:01:29]} gxh5 {[%emt 0:00:01]} 42. Ne4 {[%emt 0:00:18]} Bb7 {[%emt 0:01:36]} 43. Nf6+ {[%emt 0:00:53]} Kc5 {[%emt 0:00:01]} 44. Nxh5 {[%emt 0:00:10]} Kb4 {[%emt 0:00:00]} 45. Ng3 {[%emt 0:00:53]} Kb3 {[%emt 0:00:20]} 46. h5 {[%emt 0:00:21]} Kxb2 {[%emt 0:00:04]} 47. h6 {[%emt 0:00:39]} c3 {[%emt 0:00:03]} 48. h7 {[%emt 0:00:14]} c2 {[%emt 0:00:02]} 49. Ne2 {[%emt 0:00:03]} Ba6 {[%emt 0:00:03] [#]} 50. h8=Q $1 {[%emt 0:01:10]} ({Inferior is} 50. Nc1 Kxc1 51. h8=Q Kb2 $11) 50... Bxe2 {[%emt 0:00:01]} 51. Qc8 $2 {[%emt 0:00:45]} (51. Qh1 Bd1 52. Qg2) 51... Ba6 {[%emt 0:00:20]} 52. Qxa6 {[%emt 0:00:09]} c1=Q+ {[%emt 0:00:07]} 53. Kf3 {[%emt 0:00:32]} Qh1+ {[%emt 0:04:16]} 54. Kg3 {[%emt 0:00:28]} Qg1+ {[%emt 0:00:20]} 55. Kh4 {[%emt 0:00:34]} Qh2+ {[%emt 0:05:01]} 56. Kg5 {[%emt 0:00:00]} Qg3+ {[%emt 0:00:08]} 57. Kf6 {[%emt 0:00:02]} Qxf4+ {[%emt 0:00:06]} 58. Kxe6 {[%emt 0:00:01]} Qg4+ {[%emt 0:00:30]} 59. Kd5 $2 {[%emt 0:00:16]} ({White should play} 59. Kd6 $18) 59... Qd7+ {[%emt 0:00:36]} 60. Ke4 {[%emt 0:01:01]} Qg4+ {[%emt 0:01:42]} 61. Ke3 {[%emt 0:00:13]} Qg3+ {[%emt 0:04:27]} (61... Qg5+ 62. Kf3 Qf5+ 63. Kg2 Qe4+ 64. Kh3 Qf5+ 65. Kg2 Qe4+ 66. Kf1 Qf5+ 67. Kg2 $11) 62. Kd4 {[%emt 0:00:07]} Qc3+ $2 {[%emt 0:00:10]} 63. Kd5 {[%emt 0:00:20]} Qc5+ {[%emt 0:00:12] [#]} 64. Ke4 $2 {[%emt 0:00:32]} (64. Ke6 $1 $18 Qc6+ 65. Ke7 Qc7+ 66. Kf6) 64... Qc2+ $2 {[%emt 0:01:40] [#]} (64... Qc6+ $1 $11 {and Black is okay.} 65. Kf5 Kc3) 65. Qd3 $1 {[%emt 0:01:45]} Qc6+ {[%emt 0:00:43]} 66. Ke3 {[%emt 0:01:26]} Qh6+ {[%emt 0:00:12]} 67. Kd4 {[%emt 0:00:16]} Qf4+ {[%emt 0:00:07]} 68. Kd5 {[%emt 0:00:15]} Qf7+ {[%emt 0:01:24]} 69. e6 {[%emt 0:00:05]} Qb7+ {[%emt 0:00:09]} 70. Kd6 {[%emt 0:00:42]} Qb8+ {[%emt 0:00:13]} 71. Ke7 {[%emt 0:00:56]} Qc7+ {[%emt 0:00:06]} 72. Ke8 {[%emt 0:00:06]} (72. Kf6 $142 Qf4+ 73. Qf5 Qh4+ 74. Qg5 Qxa4 75. e7 Qc6+ 76. Kf7) 72... Qc8+ {[%emt 0:00:32]} 73. Kf7 {[%emt 0:00:05]} Qc7+ {[%emt 0:00:27]} 74. e7 {[%emt 0:00:19]} Qf4+ {[%emt 0:00:02]} 75. Ke6 {[%emt 0:00:11]} Qg4+ $11 {[%emt 0:00:19]} 76. Kf7 $2 {[%emt 0:00:53]} (76. Ke5 $18 Qg5+ 77. Kd6 Qh6+ (77... Qf6+ 78. Kd7 Qg7) 78. Kd7) 76... Qf4+ {[%emt 0:01:13]} 77. Ke6 $2 {[%emt 0:00:26]} Qxa4 $2 {[%emt 0:00:53]} 78. Qd2+ {[%emt 0:00:43]} Kb1 {[%emt 0:00:38]} 79. Qd3+ $2 {[%emt 0:00:38]} (79. Qe1+ Kb2 80. Qe5+ Kb1 81. Qf5+ Kb2 82. Qf6+ Ka2 83. Kf7) ({Only move:} 79. Qg5 $18 Qe8 80. Qd5) 79... Kb2 {[%emt 0:00:11]} 80. Ke5 {[%emt 0:01:21]} Qe8 {[%emt 0:01:33] [#]} 81. Qd8 $1 {[%emt 0:00:28]} Qh5+ {[%emt 0:00:04]} 82. Kd6 {[%emt 0:00:04]} Qg6+ {[%emt 0:01:44]} 83. Kc7 {[%emt 0:00:09]} Qg3+ {[%emt 0:00:06]} 84. Qd6 {[%emt 0:00:21]} (84. Kxb6 $18 Qe3+ 85. Kc6 Qf3+ 86. Qd5 Qf6+ 87. Kd7) 84... Qg7 {[%emt 0:03:55]} 85. Kd8 {[%emt 0:00:15]} Qg5 {[%emt 0:00:08]} 86. Kc7 $2 {[%emt 0:00:37]} (86. Qb4+ {mates} Ka2 87. Qe4 b5 88. Kc8 Qc5+ 89. Kb7 Qg1 90. e8=Q Qg7+ 91. Ka8) 86... Qg7 {[%emt 0:00:24]} 87. Qd7 {[%emt 0:00:23]} (87. Qxb6+ $18 Ka1 88. Qe3) 87... Qe5+ {[%emt 0:00:23]} 88. Kc8 {[%emt 0:00:23]} Qc3+ {[%emt 0:00:41]} 89. Kb7 {[%emt 0:00:47]} Qf3+ {[%emt 0:00:08]} 90. Kb8 {[%emt 0:00:18]} (90. Kxb6 $18 Qe3+ 91. Kb7 Qe4+ 92. Ka6) 90... Qf4+ {[%emt 0:00:07]} 91. Qc7 {[%emt 0:00:33]} Qe4 {[%emt 0:00:42]} 92. Qxb6+ {[%emt 0:01:08]} Ka1 {[%emt 0:00:34]} 93. Qa5+ {[%emt 0:00:15]} Kb2 {[%emt 0:00:10]} 94. Qb5+ {[%emt 0:00:05]} Kc3 {[%emt 0:00:26]} 95. e8=Q {[%emt 0:00:05]} 1-0